000 00942nam a2200241 a 4500
001 000000603
003 DO-SdBNP
005 20211115124655.0
008 090331s2000 dr ab 000 0 spa d
040 _aDO-SdBNP
_bspa
_cBNPHU
082 _a317.29385
_bE79p
245 0 0 _aEstadísticas provincia La Altagracia :
_bprimer polo turístico de República Dominicana.
260 _aSanto Domingo :
_bURPA,
_c2000.
300 _a92 p. :
_bil., maps. ;
_c22 cm.
590 _aInventariado,2018/DG
650 4 _aCiudades y pueblos
_zRepública Dominicana
_vEstadísticas
_91978
650 4 _aTurismo
_zRepública Dominicana, La Altagracia (Provincia)
_91979
651 4 _aHigüey (República Dominicana)
_xDescripciones y viajes
_91980
651 4 _aLa Altagracia (República Dominicana)
_xEstadísticas
_91981
651 4 _aLa Altagracia (República Dominicana)
_xPoblación
_91982
910 _aValidado. Control de calidad MFF
942 _2ddc
_cLBS1
999 _c601
_d601